000 00744nam a2200181 i 4500
001 180048
003 ES-MaACL
005 20230906220957.0
008 120403s1955 sp |||| | spa d
080 _a821.134.2-223"19"
100 1 _aGómez Latorre, Adelino.
_958008
245 1 3 _aEl navajerito
_b: (sainete cómico en un acto) /
_cA. Gómez Latorre y J. Tolosa de la Cariñana.
260 _a[Valencia] :
_bGenovés,
_c[1955]
300 _a35 p. ;
_c17 cm.
594 _aEn port.: Estrenado en Barcelona, por el Teatro de Cámara, el 28 de diciembre de 1954.
700 1 _aTolosa de la Cariñana, José.
_9110483
852 _aES-MaACL
_j2309-F-8
_z. - Donativo Luis de Madariaga
_z. - Dedicatoria autógrafa del autor a Luis de Madariaga
999 _c180048
_d180048